| 000 | 00775cab a2200301 4500 | ||
|---|---|---|---|
| 001 | WB3534-33 | ||
| 008 | 090401t1999 xxu||||| |||| 00| 0 eng d | ||
| 035 | _a(Sirsi) u106 | ||
| 041 | _aeng | ||
| 245 | _aSporting rates move rejected by estates | ||
| 260 | _c1999 | ||
| 350 | _a0 | ||
| 490 |
_aHerald _v1 September 1999, 8(1) |
||
| 650 | _aASSOCIATION OF DEER MANAGEMENT GROUPS | ||
| 650 | _aFISHING RIGHTS | ||
| 650 | _aHIGHLAND COUNCIL | ||
| 650 | _aHIGHLANDS | ||
| 650 | _aNON DOMESTIC RATING | ||
| 650 | _aRURAL ECONOMY | ||
| 650 | _aSCOTLAND | ||
| 650 | _aSCOTTISH LANDOWNERS FEDERATION | ||
| 650 | _aSHOOTING RIGHTS | ||
| 650 | _aSPORTING ESTATES | ||
| 650 | _aSPORTING RATES | ||
| 690 | _aRATING AND VALUATION | ||
| 942 | _n0 | ||
| 948 | _c01/09/1999 | ||
| 999 |
_c37 _d37 |
||